[Event "VIE-ch U17"]
[Site "Ho Chi Minh City"]
[Date "2022.07.14"]
[Round "5"]
[White "Ma, Van Sang"]
[Black "Le, Quang Khai"]
[Result "0-1"]
[WhiteElo "2267"]
[BlackElo "2268"]
[PlyCount "54"]
[EventDate "2022.07.11"]
[EventType "swiss"]
[EventRounds "9"]
[EventCountry "VIE"]
[SourceTitle "EXT 2023"]
[Source "ChessBase"]
[SourceDate "2022.10.05"]
[SourceVersion "1"]
[SourceVersionDate "2022.10.05"]
[SourceQuality "1"]

1. e4 e5 2. Nf3 Nc6 3. Bc4 h6 4. 0-0 Nf6 5. Nc3 Bc5 6. d3 0-0 7. h3 d6 8. Be3 Bb6 9. Re1 Kh8 10. Qd2 Nh7 11. Nd5 f5 12. Bxb6 axb6 13. exf5 Bxf5 14. Ne3 Bxh3 15. Nh2 Bd7 16. Nd5 Nf6 17. Re3 Ng4 18. Nxg4 Bxg4 19. Rg3 Bf5 20. f3 Nd4 21. Kf2 c6 22. Rh1 Kh7 23. Rxg7+ Kxg7 24. Qxh6+ Kf7 25. Rh5 cxd5 26. Rxf5+ Nxf5 27. Bxd5+ Ke8 0-1